Loading...
| Current Events | 1 | 0.00 | 0% | 0% | 0% |
| Fine Arts - Classical Music | 3 | 0.00 | 0% | 0% | 0% |
| Fine Arts - Other Fine Arts | 8 | 16.25 | 88% | 50% | 25% |
| Geography | 1 | 10.00 | 100% | 0% | 0% |
| History - American History | 6 | 16.67 | 100% | 67% | 0% |
| History - European History | 4 | 10.00 | 100% | 0% | 0% |
| History - Other History | 1 | 20.00 | 100% | 100% | 0% |
| History - World History | 3 | 10.00 | 67% | 33% | 0% |
| Literature - American Literature | 2 | 15.00 | 100% | 50% | 0% |
| Literature - British Literature | 2 | 10.00 | 100% | 0% | 0% |
| Literature - European Literature | 2 | 10.00 | 100% | 0% | 0% |
| Literature - World Literature | 3 | 16.67 | 100% | 33% | 33% |
| Mythology | 4 | 12.50 | 100% | 25% | 0% |
| Painting/Sculpture | 3 | 13.33 | 100% | 33% | 0% |
| Philosophy | 4 | 5.00 | 50% | 0% | 0% |
| Pop Culture | 2 | 25.00 | 100% | 100% | 50% |
| Religion | 2 | 10.00 | 100% | 0% | 0% |
| Science - Biology | 3 | 13.33 | 100% | 33% | 0% |
| Science - Chemistry | 3 | 10.00 | 100% | 0% | 0% |
| Science - Other Science | 7 | 7.14 | 57% | 14% | 0% |
| Science - Physics | 2 | 5.00 | 50% | 0% | 0% |
| Social Science | 1 | 10.00 | 100% | 0% | 0% |